| 000 | 00761nam a2200229 a 4500 | ||
|---|---|---|---|
| 001 | 43893 | ||
| 003 | BD-RjUL | ||
| 005 | 20211209053752.0 | ||
| 008 | 160628s1969 bg ||||| |||| 00| 0 ben d | ||
| 020 | _c: Tk. 3.50 | ||
| 035 | _a(BD-RjUL)44011 | ||
| 040 |
_aBD-RjUL _bben _cBD-RjUL |
||
| 041 | _aben | ||
| 082 |
_223 _a891.443 _bRAA 1969 |
||
| 100 |
_aরায়হান, জহির _9126468 |
||
| 245 |
_aআরেক ফাল্গুন / _cজহির রায়হান |
||
| 260 |
_aঢাকা : _bসন্ধানী প্রকাশনী, _c১৯৬৯ |
||
| 300 |
_a১১০ পৃ. ; _c২১ সেমি. |
||
| 650 |
_aবাংলা উপন্যাস _9134879 |
||
| 650 |
_aBengali Fiction _9134880 |
||
| 942 |
_2ddc _cBK _02 |
||
| 999 |
_c43893 _d43893 |
||